[Event "Sherbrooke Perpetuelles 26-09"]
[Site "Sherbrooke CAN"]
[Date "2003.10.24"]
[Round "5"]
[White "Lopez, Jose"]
[Black "Grenier, Jean-Pierre"]
[Result "1-0"]
[WhiteElo "1664"]
[BlackElo "1619"]
[PlyCount "51"]
[EventDate "2003.09.26"]
[EventType "swiss"]
[EventRounds "5"]
[EventCountry "CAN"]
[Source "ChessBase"]
[SourceDate "2007.11.25"]

1. e4 c5 2. Nf3 e6 3. d4 cxd4 4. Nxd4 Qb6 5. Nc3 Bc5 6. Be3 Qxb2 7. Ndb5 Bb4 8.
Bd4 Nf6 9. Rb1 Bxc3+ 10. Bxc3 Qxa2 11. Ra1 Qxa1 12. Bxa1 Na6 13. Nd6+ Ke7 14.
Bxa6 bxa6 15. O-O a5 16. f4 Ba6 17. Re1 Rab8 18. f5 Rb6 19. e5 Nd5 20. Qh5 Rhb8
21. Qxf7+ Kd8 22. fxe6 dxe6 23. Qxe6 Rb1 24. Nf7+ Kc7 25. Qd6+ Kc8 26. Qd8+ 1-0

[Event "Sherbrooke Perpetuelles 26-09"]
[Site "Sherbrooke CAN"]
[Date "2003.10.24"]
[Round "5"]
[White "Morin, Laurent"]
[Black "Denomme, Michael"]
[Result "0-1"]
[WhiteElo "1109"]
[BlackElo "1247"]
[PlyCount "122"]
[EventDate "2003.09.26"]
[EventType "swiss"]
[EventRounds "5"]
[EventCountry "CAN"]
[Source "ChessBase"]
[SourceDate "2007.11.25"]

1. e4 e5 2. Nf3 Nf6 3. Nc3 Bc5 4. Nxe5 Qe7 5. d4 Bxd4 6. Qxd4 c5 7. Nd5 cxd4 8.
Nxe7 Kxe7 9. f3 d6 10. Nc4 Be6 11. Bf4 Bxc4 12. Bxc4 Nc6 13. O-O-O Rhd8 14.
Rhe1 Rac8 15. Bb5 Nb4 16. Ba4 Nh5 17. g3 Nxf4 18. gxf4 d3 19. Rd2 Nxa2+ 20. Kb1
dxc2+ 21. Bxc2 Nb4 22. Bb3 b5 23. e5 d5 24. Red1 Rc5 25. Rd4 a5 26. f5 g6 27.
f6+ Ke6 28. f4 Nc6 29. R4d3 a4 30. Bc2 d4 31. Ra3 Nb4 32. Be4 Nd5 33. Rad3 Nxf4
34. Rxd4 Rxd4 35. Rxd4 Kxe5 36. Rb4 Rc4 37. Rxc4 bxc4 38. Bc6 Kxf6 39. Bxa4 Ke5
40. Bb5 Kd4 41. Kc2 f5 42. b4 cxb3+ 43. Kxb3 h5 44. Be8 h4 45. Kc2 g5 46. Kd2
Ng2 47. Ke2 f4 48. Kf3 Ne3 49. Bd7 Kc3 50. h3 Kd2 51. Kf2 Nd1+ 52. Kf3 Ne3 53.
Bc6 Ke1 54. Bb7 Kf1 55. Bc8 Kg1 56. Bb7 Kh2 57. Bc8 Nc4 58. Kf2 Ne5 59. Be6
Nd3+ 60. Kf3 Kg1 61. Bd7 Ne5+ 0-1

[Event "Sherbrooke Perpetuelles 26-30"]
[Site "Sherbrooke CAN"]
[Date "2003.12.05"]
[Round "1"]
[White "Courteau, Bernard"]
[Black "Ouellet-Lahaie, Didier"]
[Result "1/2-1/2"]
[WhiteElo "1638"]
[BlackElo "1521"]
[PlyCount "112"]
[EventDate "2003.12.05"]
[EventType "swiss"]
[EventRounds "5"]
[EventCountry "CAN"]

1. c4 e5 2. d3 d6 3. g3 f5 4. Bg2 Nf6 5. Nc3 Nc6 6. e3 Be7 7. Nge2 O-O 8. O-O
Be6 9. Nd5 Bxd5 10. cxd5 Nb8 11. Bd2 c5 12. b4 b6 13. e4 fxe4 14. dxe4 Nbd7 15.
Rc1 Qc7 16. a4 Qb7 17. f3 Rfc8 18. Qb3 Kh8 19. b5 a6 20. Rc4 axb5 21. axb5 Qa7
22. Nc3 Qa3 23. Rb1 Qxb3 24. Rxb3 Ra1+ 25. Kf2 Rca8 26. Bf1 Ne8 27. Bd3 Nc7 28.
Nb1 Kg8 29. Bc3 R1a2+ 30. Bb2 R2a7 31. Rc1 Kf7 32. Rg1 g5 33. Bc4 Kg6 34. f4
Bf6 35. fxg5 Bxg5 36. h4 Be7 37. Kg2 Ra4 38. Nd2 Nf6 39. Rc3 Nce8 40. Kh3 Nh5
41. Bc1 Nef6 42. Re3 Rb4 43. Rb3 Raa4 44. Rxb4 Rxb4 45. Rf1 Kg7 46. Bd3 Nd7 47.
Rf5 Nhf6 48. g4 h6 49. Rf1 Nf8 50. Re1 Ng6 51. Bf1 Nh7 52. h5 Ng5+ 53. Kg3 Nf8
54. Bd3 Nd7 55. Nc4 Rb3 56. Re3 Kf7 1/2-1/2

[Event "Sherbrooke Perpetuelles 26-30"]
[Site "Sherbrooke CAN"]
[Date "2003.12.05"]
[Round "1"]
[White "Duclos, Alain"]
[Black "Jolin, Fernand"]
[Result "1-0"]
[WhiteElo "1615"]
[BlackElo "1300"]
[PlyCount "49"]
[EventDate "2003.12.05"]
[EventType "swiss"]
[EventRounds "5"]
[EventCountry "CAN"]

1. e4 e5 2. Nf3 d6 3. Bc4 h6 4. c3 Nf6 5. d3 Bg4 6. Nbd2 Nbd7 7. Qb3 Nc5 8. Qc2
Be6 9. O-O Bxc4 10. Nxc4 Be7 11. Re1 O-O 12. d4 exd4 13. cxd4 Ncxe4 14. d5 Nc5
15. b4 Na6 16. Qd2 c6 17. dxc6 bxc6 18. Nd4 Rc8 19. Nf5 Re8 20. Nxg7 Rf8 21.
Nf5 Nd5 22. Qxh6 Bf6 23. Re4 Nf4 24. Rxf4 Re8 25. Rg4+ 1-0

[Event "Sherbrooke Perpetuelles 26-30"]
[Site "Sherbrooke CAN"]
[Date "2003.12.05"]
[Round "1"]
[White "Lafleur, Sebastien"]
[Black "Cloutier, Mathieu"]
[Result "1-0"]
[WhiteElo "1075"]
[BlackElo "1132"]
[PlyCount "113"]
[EventDate "2003.12.05"]
[EventType "swiss"]
[EventRounds "5"]
[EventCountry "CAN"]

1. d4 f5 2. c4 d6 3. Nc3 Nc6 4. e4 Nf6 5. exf5 Bxf5 6. d5 Ne5 7. Be2 e6 8. Bg5
Be7 9. Bxf6 Bxf6 10. Qa4+ Qd7 11. Qb3 exd5 12. Nxd5 Qc6 13. Nxf6+ gxf6 14. Nf3
O-O-O 15. O-O Rhe8 16. Nd4 Qe4 17. Nxf5 Qxe2 18. Qh3 Qg4 19. Qxh7 Nxc4 20. Ne7+
Kb8 21. Nd5 Rd7 22. Nxf6 Rxh7 23. Nxg4 Nxb2 24. Nf6 Rhe7 25. Nxe8 Rxe8 26. Rab1
Nc4 27. a4 Nd2 28. h4 Nxf1 29. Rxf1 a5 30. g4 Re4 31. f3 Rxa4 32. h5 Rf4 33.
Kg2 b5 34. h6 Rf7 35. g5 Rh7 36. Rh1 b4 37. g6 Re7 38. g7 Re2+ 39. Kf1 Re8 40.
h7 b3 41. g8=Q b2 42. Qb3+ Kc8 43. Qxb2 a4 44. h8=Q Rxh8 45. Rxh8+ Kd7 46. Qb5+
c6 47. Rh7+ Ke6 48. Qc4+ d5 49. Qxc6+ Ke5 50. Re7+ Kd4 51. Qxa4+ Kc5 52. Qa3+
Kc4 53. Ke2 d4 54. Rc7+ Kd5 55. Qc5+ Ke6 56. Re7+ Kf6 57. Qe5+ 1-0

[Event "Sherbrooke Perpetuelles 26-30"]
[Site "Sherbrooke CAN"]
[Date "2003.12.05"]
[Round "1"]
[White "Morin, Laurent"]
[Black "Labranche, Francis"]
[Result "0-1"]
[WhiteElo "1007"]
[BlackElo "669"]
[PlyCount "62"]
[EventDate "2003.12.05"]
[EventType "swiss"]
[EventRounds "5"]
[EventCountry "CAN"]

1. e4 c5 2. Nf3 d6 3. Bc4 Bg4 4. h3 Bh5 5. g4 Bg6 6. d3 h6 7. Be3 e6 8. Nc3 Nf6
9. e5 d5 10. Bb5+ Nfd7 11. Qe2 d4 12. Nxd4 cxd4 13. Bxd4 a6 14. Bc4 Bb4 15.
O-O-O Nc6 16. Qe3 Nxd4 17. Qxd4 Bc5 18. Qf4 h5 19. g5 Qb6 20. d4 Bb4 21. Na4
Qc7 22. d5 Nxe5 23. d6 Qxc4 24. Qxc4 Nxc4 25. Rd4 Bxd6 26. Rxc4 O-O 27. Rd1 b5
28. Rc6 Bf4+ 29. Kb1 bxa4 30. h4 a3 31. b3 Rad8 0-1

[Event "Sherbrooke Perpetuelles 26-30"]
[Site "Sherbrooke CAN"]
[Date "2003.12.12"]
[Round "2"]
[White "Courteau, Bernard"]
[Black "Lopez, Jose"]
[Result "0-1"]
[WhiteElo "1638"]
[BlackElo "1786"]
[PlyCount "88"]
[EventDate "2003.12.05"]
[EventType "swiss"]
[EventRounds "5"]
[EventCountry "CAN"]

1. d4 Nf6 2. c4 g6 3. Nc3 Bg7 4. g3 O-O 5. Bg2 d6 6. e4 Nc6 7. Nge2 e5 8. d5
Ne7 9. f3 Ne8 10. g4 f5 11. gxf5 gxf5 12. Be3 Nf6 13. Qd2 fxe4 14. Bh6 Nf5 15.
Bxg7 e3 16. Qd3 Kxg7 17. Rg1 Kh8 18. O-O-O a6 19. Ng3 Nxg3 20. hxg3 b5 21. g4
bxc4 22. Qxc4 Rb8 23. Qd3 Nd7 24. Rh1 Rf7 25. Rh5 Nc5 26. Qxe3 c6 27. dxc6 Qb6
28. Qe2 Qxc6 29. Rxe5 Be6 30. Rxe6 Nxe6 31. Qxe6 Qb6 32. Rd2 Rc7 33. Qf6+ Kg8
34. Qd4 Qa5 35. f4 Rg7 36. Bd5+ Kh8 37. Bb3 Rd8 38. Ne4 Rc8+ 39. Kd1 Qc7 40.
Rc2 Qd8 41. Rxc8 Qxc8 42. Nxd6 Qxg4+ 43. Kc2 h6 44. Ne8 Qg6+ 0-1

[Event "Sherbrooke Perpetuelles 26-30"]
[Site "Sherbrooke CAN"]
[Date "2003.12.12"]
[Round "2"]
[White "Duclos, Alain"]
[Black "Ouellet-Lahaie, Didier"]
[Result "1-0"]
[WhiteElo "1615"]
[BlackElo "1521"]
[PlyCount "93"]
[EventDate "2003.12.05"]
[EventType "swiss"]
[EventRounds "5"]
[EventCountry "CAN"]

1. e4 e5 2. Nf3 Nc6 3. Bb5 a6 4. Ba4 b5 5. Bb3 Bc5 6. O-O Nf6 7. c3 d6 8. d4
Bb6 9. Qd3 O-O 10. h3 Qe7 11. Nbd2 Na5 12. Bc2 c5 13. Re1 Nc6 14. d5 Nb8 15.
Nf1 Nbd7 16. Ng3 c4 17. Qe2 Nc5 18. Be3 Ra7 19. b4 cxb3 20. axb3 Ncd7 21. Nf5
Qd8 22. Nxd6 Bxe3 23. Qxe3 Rc7 24. Nxc8 Qxc8 25. c4 bxc4 26. bxc4 Rxc4 27. Ba4
Rxe4 28. Bxd7 Qxd7 29. Qd3 Rxe1+ 30. Rxe1 e4 31. Rxe4 Nxe4 32. Qxe4 h6 33. Nd4
Re8 34. Qf3 Re1+ 35. Kh2 Qd6+ 36. g3 Re5 37. Nf5 Qf6 38. g4 Re1 39. d6 Qe5+ 40.
Kg2 Qa1 41. Qa8+ Kh7 42. d7 Rh1 43. d8=Q Qf1+ 44. Kf3 Rxh3+ 45. Ng3 Rxg3+ 46.
Kxg3 Qg1+ 47. Qg2 1-0

[Event "Sherbrooke Perpetuelles 26-30"]
[Site "Sherbrooke CAN"]
[Date "2003.12.12"]
[Round "2"]
[White "Jolin, Fernand"]
[Black "Vincent, Pascal"]
[Result "0-1"]
[WhiteElo "1300"]
[BlackElo "1218"]
[PlyCount "52"]
[EventDate "2003.12.05"]
[EventType "swiss"]
[EventRounds "5"]
[EventCountry "CAN"]

1. Nf3 Nc6 2. d4 d5 3. g3 Nf6 4. Bg2 Bf5 5. c3 e6 6. Bg5 h6 7. Bxf6 Qxf6 8.
Nbd2 Bd6 9. O-O O-O-O 10. Re1 g5 11. e4 dxe4 12. Nxe4 Bxe4 13. Rxe4 Qg6 14. Qe1
h5 15. b4 Nxb4 16. cxb4 Bxb4 17. Qxb4 Qxe4 18. Nxg5 Qxd4 19. Bxb7+ Kb8 20. Bd5+
Qxb4 21. Be4 Qe7 22. Rb1+ Kc8 23. Bb7+ Kd7 24. Rd1+ Ke8 25. Bc6+ Kf8 26. Rb1
Qxg5 0-1

[Event "Sherbrooke Perpetuelles 26-30"]
[Site "Sherbrooke CAN"]
[Date "2003.12.19"]
[Round "3"]
[White "Cloutier, Mathieu"]
[Black "Morin, Laurent"]
[Result "0-1"]
[WhiteElo "1132"]
[BlackElo "1007"]
[PlyCount "87"]
[EventDate "2003.12.05"]
[EventType "swiss"]
[EventRounds "5"]
[EventCountry "CAN"]

1. e4 e5 2. Nf3 Nc6 3. Bc4 Be7 4. d3 b6 5. Be3 Bb7 6. Bd5 d6 7. d4 Qd7 8. dxe5
O-O-O 9. Bg5 Bxg5 10. Nxg5 Nxe5 11. Bxb7+ Kxb7 12. Nc3 Nf6 13. O-O h6 14. Nf3
Nxf3+ 15. Qxf3 Kc8 16. Rad1 Qg4 17. Qf5+ Qxf5 18. exf5 Rhe8 19. Rfe1 Re5 20.
Rxe5 dxe5 21. Re1 e4 22. h3 Rd2 23. Nxe4 Nxe4 24. Rxe4 Kd7 25. Rc4 c5 26. g4
Kd6 27. Kf1 b5 28. Ke1 Rd4 29. Rxd4+ cxd4 30. Ke2 Kd5 31. Kf3 f6 32. Kf4 a5 33.
b3 a4 34. bxa4 bxa4 35. h4 Kc4 36. g5 h5 37. gxf6 gxf6 38. Ke4 a3 39. Kf3 Kc3
40. Ke2 Kxc2 41. f4 d3+ 42. Ke3 d2 43. Ke4 d1=Q 44. Ke3 0-1

[Event "Sherbrooke Perpetuelles 26-30"]
[Site "Sherbrooke CAN"]
[Date "2003.12.19"]
[Round "3"]
[White "Duclos, Alain"]
[Black "Courteau, Bernard"]
[Result "1-0"]
[WhiteElo "1615"]
[BlackElo "1638"]
[PlyCount "97"]
[EventDate "2003.12.05"]
[EventType "swiss"]
[EventRounds "5"]
[EventCountry "CAN"]

1. e4 e6 2. d4 d5 3. Nc3 Nf6 4. Bg5 Be7 5. e5 Nfd7 6. Bxe7 Qxe7 7. f4 a6 8. Nf3
c5 9. Qd2 Nc6 10. dxc5 Nxc5 11. O-O-O O-O 12. Bd3 Bd7 13. Kb1 Rfc8 14. Rhf1 b5
15. Ne2 b4 16. Nfd4 Rab8 17. Rf3 a5 18. Nxc6 Bxc6 19. Nd4 a4 20. f5 Qc7 21.
Nxc6 Qxc6 22. f6 Nxd3 23. Rxd3 a3 24. b3 Qc7 25. Qe2 Rb5 26. Rc1 d4 27. Rg3
Rxe5 28. Rxg7+ Kh8 29. Qd3 Rh5 30. Qxd4 Qe5 31. Qxe5 Rxe5 32. Rxf7 Re2 33. Re7
h5 34. Rb7 Re4 35. Rb5 h4 36. Rb7 Rf4 37. g3 hxg3 38. hxg3 Rxf6 39. Rxb4 Ra8
40. Rg4 Rh6 41. Re1 Ra5 42. b4 Rah5 43. c4 Rh2 44. b5 Rb2+ 45. Ka1 Rbh2 46. Rb1
Rc2 47. Rh4 Kh7 48. b6 Rxh4 49. gxh4 1-0

[Event "Sherbrooke Perpetuelles 26-30"]
[Site "Sherbrooke CAN"]
[Date "2003.12.19"]
[Round "3"]
[White "Lafleur, Sebastien"]
[Black "Belanger, Jean Sebastien"]
[Result "1/2-1/2"]
[WhiteElo "1075"]
[BlackElo "1437"]
[PlyCount "109"]
[EventDate "2003.12.05"]
[EventType "swiss"]
[EventRounds "5"]
[EventCountry "CAN"]

1. c4 b6 2. d4 Bb7 3. Nc3 e6 4. e3 Nf6 5. Bd3 Bxg2 6. Nf3 Bxh1 7. Kd2 Bxf3 8.
Qxf3 Nc6 9. a3 Ne7 10. Kc2 d5 11. Bd2 a6 12. Rg1 dxc4 13. Bxc4 b5 14. Bf1 Rc8
15. b4 Ned5 16. Nxd5 Qxd5 17. Qxd5 exd5 18. Rg5 h6 19. Re5+ Kd8 20. Bg2 Bd6 21.
Rf5 c6 22. Rf3 Bxh2 23. Rh3 Bd6 24. f4 a5 25. bxa5 Bxa3 26. Be1 c5 27. Kb3 Bc1
28. dxc5 Bxe3 29. Rxe3 Rxc5 30. Kb4 Rc4+ 31. Kxb5 Rxf4 32. a6 Kc8 33. Bh3+ Ng4
34. Rc3+ Kd7 35. Bg3 d4 36. Rc5 Re4 37. Rc7+ Ke6 38. Kb6 d3 39. Rc6+ Kd5 40.
Bg2 d2 41. Rd6+ Kc4 42. Bxe4 Ne3 43. a7 d1=Q 44. Rxd1 Nxd1 45. a8=Q Rxa8 46.
Bxa8 f5 47. Bc6 g5 48. Be5 f4 49. Bf3 Ne3 50. Bg7 g4 51. Be2+ Kd5 52. Bxh6 f3
53. Bxf3+ gxf3 54. Bxe3 Ke4 55. Bf2 1/2-1/2

[Event "Sherbrooke Perpetuelles 26-30"]
[Site "Sherbrooke CAN"]
[Date "2004.01.09"]
[Round "4"]
[White "Courteau, Bernard"]
[Black "Grenier, Jean-Pierre"]
[Result "1/2-1/2"]
[WhiteElo "1638"]
[BlackElo "1559"]
[PlyCount "140"]
[EventDate "2003.12.05"]
[EventType "swiss"]
[EventRounds "5"]
[EventCountry "CAN"]

1. d4 d5 2. c4 Nf6 3. cxd5 Nxd5 4. e4 Nf6 5. Nc3 e6 6. f3 Bb4 7. Be3 O-O 8. Bd3
b6 9. Nge2 a5 10. Rc1 Ba6 11. O-O Bxd3 12. Qxd3 Nbd7 13. Rfd1 Rc8 14. Na4 Nb8
15. a3 Be7 16. Qb3 Qd7 17. Nac3 Ne8 18. f4 Nd6 19. h3 b5 20. Bf2 b4 21. axb4
axb4 22. e5 Nb5 23. Ne4 Qd5 24. Qxd5 exd5 25. Nc5 Rfd8 26. Rc2 Bxc5 27. Rxc5 c6
28. Rdc1 Na7 29. Be1 b3 30. R1c3 Nb5 31. Rxb3 Nd7 32. Rc1 Re8 33. Bb4 Nb6 34.
Rg3 f6 35. b3 fxe5 36. fxe5 Nd7 37. Rg4 Nf8 38. Ng3 Ne6 39. Nf5 Rc7 40. Nd6 Rb8
41. Bc5 Nxc5 42. Rxc5 Na7 43. Rg3 Rb4 44. Rd3 Nb5 45. Nxb5 Rxb5 46. Rxb5 cxb5
47. Rf3 Rc2 48. Kf1 Rd2 49. Rf4 g5 50. Rg4 Kf7 51. Rxg5 Rxd4 52. Rh5 Kg6 53. g4
Rb4 54. e6 Rxb3 55. Re5 Rf3+ 56. Ke2 Rf8 57. Rxd5 b4 58. h4 Kf6 59. Rd6 Ke7 60.
Rd7+ Kxe6 61. Rxh7 Rf4 62. g5 b3 63. Kd2 b2 64. Kc2 Rb4 65. Kb1 Kf5 66. Rh6 Rb7
67. Rf6+ Kg4 68. Rh6 Kf5 69. Rf6+ Kg4 70. g6 Kxh4 1/2-1/2

[Event "Sherbrooke Perpetuelles 26-30"]
[Site "Sherbrooke CAN"]
[Date "2004.01.09"]
[Round "4"]
[White "Duclos, Alain"]
[Black "Lopez, Jose"]
[Result "1/2-1/2"]
[WhiteElo "1615"]
[BlackElo "1786"]
[PlyCount "104"]
[EventDate "2003.12.05"]
[EventType "swiss"]
[EventRounds "5"]
[EventCountry "CAN"]

1. e4 c5 2. Nf3 d6 3. d4 cxd4 4. Nxd4 Nf6 5. Nc3 a6 6. Be3 e5 7. Nb3 Be6 8. f3
Be7 9. Qd2 Qc7 10. O-O-O Nbd7 11. g4 h6 12. Kb1 Nb6 13. Qf2 Nfd7 14. h4 Nc4 15.
Bxc4 Bxc4 16. Nd5 Bxd5 17. Rxd5 Rc8 18. Rhd1 b5 19. g5 hxg5 20. hxg5 g6 21. Nc1
Nf8 22. f4 Ne6 23. f5 gxf5 24. exf5 Nxg5 25. f6 Ne4 26. Bb6 Qc6 27. Qg1 Qxc2+
28. Ka1 Nxf6 29. R5d2 Qc6 30. Ba5 Rg8 31. Qf1 Ne4 32. Rh2 Qc5 33. Qe1 Qc6 34.
Nd3 Nc5 35. Nb4 Qf3 36. Rf2 Qg3 37. Qf1 Qg6 38. Nd5 Ne6 39. Bb4 Rc6 40. Bc3 Nc7
41. Ne3 f6 42. Rg2 Qf7 43. Qg1 Rxg2 44. Qxg2 Nd5 45. Nxd5 Rc8 46. Rh1 Bf8 47.
Qf3 f5 48. Re1 e4 49. Rxe4+ fxe4 50. Qxe4+ Be7 51. a3 Qf1+ 52. Ka2 Qf7 1/2-1/2

[Event "Sherbrooke Perpetuelles 26-30"]
[Site "Sherbrooke CAN"]
[Date "2004.01.09"]
[Round "4"]
[White "Jolin, Fernand"]
[Black "Morin, Laurent"]
[Result "1-0"]
[WhiteElo "1300"]
[BlackElo "1007"]
[PlyCount "81"]
[EventDate "2003.12.05"]
[EventType "swiss"]
[EventRounds "5"]
[EventCountry "CAN"]

1. Nf3 d5 2. d4 Nc6 3. c3 Nf6 4. Nbd2 e6 5. g3 Bd6 6. Bg2 Bd7 7. O-O Qe7 8. Re1
O-O 9. e4 dxe4 10. Nxe4 Nxe4 11. Rxe4 h6 12. d5 Nd8 13. c4 c5 14. b3 f5 15. Re1
Qf6 16. Rb1 e5 17. Bb2 Nf7 18. a4 b6 19. Bc3 a5 20. Qe2 Rfe8 21. Nd2 Qg6 22. h4
Re7 23. Bf3 Rae8 24. Bh5 Qh7 25. Bxf7+ Rxf7 26. h5 g6 27. Kg2 Rfe7 28. Rh1 Qf7
29. hxg6 Qxg6 30. Qh5 Qxh5 31. Rxh5 Kh7 32. Rbh1 Kg7 33. Rxh6 Bb8 34. Rxb6 Bc7
35. Rbh6 Rd8 36. Rh7+ Kf6 37. R1h6+ Kg5 38. Nf3+ Kg4 39. Rxe7 f4 40. Bxe5 Bxe5
41. Nxe5+ 1-0

[Event "Sherbrooke Perpetuelles 26-30"]
[Site "Sherbrooke CAN"]
[Date "2004.01.09"]
[Round "4"]
[White "Vincent, Pascal"]
[Black "Lafleur, Sebastien"]
[Result "1-0"]
[WhiteElo "1218"]
[BlackElo "1075"]
[PlyCount "87"]
[EventDate "2003.12.05"]
[EventType "swiss"]
[EventRounds "5"]
[EventCountry "CAN"]

1. d4 d6 2. e4 e6 3. Nf3 Bd7 4. Nc3 c5 5. d5 e5 6. Bb5 Nf6 7. Bxd7+ Qxd7 8. O-O
Be7 9. Nh4 Na6 10. Nf5 Rg8 11. Qe2 Nc7 12. a3 a6 13. b4 Nb5 14. Qc4 Nxc3 15.
Qxc3 Nxe4 16. Qf3 Nf6 17. Nxe7 Qxe7 18. bxc5 O-O-O 19. c6 bxc6 20. dxc6 Kc7 21.
Bd2 Kc8 22. Rab1 e4 23. Qb3 Qa7 24. Be3 Qa8 25. Qb7+ Qxb7 26. cxb7+ Kb8 27. Rb6
Nd5 28. Rb3 Rd7 29. Rfb1 Re8 30. Ba7+ Kc7 31. b8=Q+ Rxb8 32. Rxb8 Rd8 33. Rxd8
Kxd8 34. Rd1 Nf6 35. Rxd6+ Kc7 36. Rxa6 Kb7 37. Rxf6 gxf6 38. Be3 Kc6 39. f3 f5
40. Kf2 Kb5 41. c3 Kc4 42. a4 Kxc3 43. a5 Kb4 44. a6 1-0

[Event "Sherbrooke Perpetuelles 26-30"]
[Site "Sherbrooke CAN"]
[Date "2004.01.16"]
[Round "5"]
[White "Belanger, Jean Sebastien"]
[Black "Jolin, Fernand"]
[Result "1/2-1/2"]
[WhiteElo "1437"]
[BlackElo "1300"]
[PlyCount "128"]
[EventDate "2003.12.05"]
[EventType "swiss"]
[EventRounds "5"]
[EventCountry "CAN"]

1. e4 e5 2. Bc4 Nf6 3. Nc3 c6 4. Nf3 d6 5. Ng5 d5 6. exd5 cxd5 7. Bb5+ Bd7 8.
Bxd7+ Nbxd7 9. O-O d4 10. Ne2 h6 11. Nf3 Bd6 12. d3 O-O 13. Ng3 Nc5 14. Nh4 Ne6
15. Nhf5 Re8 16. Bxh6 g6 17. Nh4 Qc7 18. Qf3 Nf4 19. Ne4 Nxe4 20. Qxe4 Qxc2 21.
Bxf4 exf4 22. Qxd4 Be5 23. Qd5 Rad8 24. Qxb7 Bxb2 25. Rab1 Bd4 26. Qb3 Qxb3 27.
Rxb3 Re2 28. a3 Rde8 29. Nf3 Bb6 30. d4 R2e4 31. Rd3 f6 32. h3 Kf7 33. Rfd1 Ke6
34. d5+ Kd6 35. Rc1 Bc5 36. Rc2 Re2 37. Rdd2 Rxd2 38. Nxd2 Re2 39. Nc4+ Kxd5
40. Rxe2 Kxc4 41. Re6 Bd4 42. h4 a5 43. Re7 a4 44. Rg7 Kb3 45. Rxg6 Kxa3 46. h5
Kb3 47. h6 a3 48. h7 f5 49. Rb6+ Kc2 50. Ra6 Kb2 51. Ra4 a2 52. Rxd4 a1=Q+ 53.
Kh2 Qa8 54. Rxf4 Qh8 55. Rh4 Kc2 56. f3 Kd3 57. g4 Qe5+ 58. Kh3 fxg4+ 59. fxg4
Qe3+ 60. Kh2 Qf2+ 61. Kh3 Qf3+ 62. Kh2 Qf2+ 63. Kh3 Qf1+ 64. Kh2 Qf2+ 1/2-1/2

[Event "Sherbrooke Perpetuelles 26-30"]
[Site "Sherbrooke CAN"]
[Date "2004.01.16"]
[Round "5"]
[White "Ouellet-Lahaie, Didier"]
[Black "Lopez, Jose"]
[Result "0-1"]
[WhiteElo "1521"]
[BlackElo "1786"]
[PlyCount "66"]
[EventDate "2003.12.05"]
[EventType "swiss"]
[EventRounds "5"]
[EventCountry "CAN"]

1. e4 c5 2. Nc3 d6 3. g3 Nc6 4. Bg2 Nf6 5. d3 e6 6. f4 Be7 7. Nf3 Rb8 8. O-O a6
9. Qe1 Nd7 10. g4 Qc7 11. f5 Nde5 12. h3 b5 13. Be3 Nxf3+ 14. Bxf3 Ne5 15. Bg2
f6 16. Rd1 b4 17. Ne2 exf5 18. gxf5 g5 19. fxg6 Nxg6 20. Nf4 Nxf4 21. Bxf4 Be6
22. b3 Rg8 23. Kh1 Qd7 24. Qe3 Kf7 25. Rf2 Rg6 26. d4 cxd4 27. Rxd4 Rb5 28. e5
d5 29. exf6 Bc5 30. Be4 Rxf6 31. Qe2 Bxd4 32. Qh5+ Ke7 33. Qxh7+ Bf7 0-1

[Event "Sherbrooke Perpetuelles 26-30"]
[Site "Sherbrooke CAN"]
[Date "2004.01.16"]
[Round "5"]
[White "Saziouk, Alexandre"]
[Black "Duclos, Alain"]
[Result "1-0"]
[WhiteElo "1745"]
[BlackElo "1615"]
[PlyCount "95"]
[EventDate "2003.12.05"]
[EventType "swiss"]
[EventRounds "5"]
[EventCountry "CAN"]

1. d4 Nf6 2. c4 g6 3. Nc3 Bg7 4. Nf3 O-O 5. e4 d6 6. h3 e5 7. d5 a5 8. Be2 Na6
9. Be3 b6 10. Qd2 Nc5 11. Qc2 Bd7 12. Nh2 Ne8 13. g4 f5 14. gxf5 gxf5 15. O-O-O
f4 16. Bxc5 bxc5 17. Bg4 Nf6 18. Bxd7 Nxd7 19. Nf3 Kh8 20. Rhg1 Bf6 21. Rg4 Nb6
22. Nb5 Qe7 23. a4 Rg8 24. Rdg1 Rxg4 25. hxg4 Qd7 26. b3 c6 27. dxc6 Qxc6 28.
g5 Be7 29. Qe2 Nd7 30. Nd2 Nf8 31. Qg4 Qe8 32. Nc7 Qb8 33. Nxa8 Qxa8 34. Rh1
Qe8 35. Rh6 Ng6 36. Qf5 Bf8 37. Rh1 Kg8 38. Nb1 Qb8 39. Kc2 Qb7 40. Nc3 Qg7 41.
Nd5 Be7 42. Qe6+ Kf8 43. Nc7 Qg8 44. Qf5+ Kg7 45. Nd5 Qd8 46. Nf6 Bxf6 47.
gxf6+ Qxf6 48. Rxh7+ 1-0

[Event "Sherbrooke Perpetuelles 31-10"]
[Site "Sherbrooke CAN"]
[Date "2003.10.31"]
[Round "1"]
[White "Courteau, Bernard"]
[Black "Duclos, Alain"]
[Result "0-1"]
[WhiteElo "1727"]
[BlackElo "1624"]
[PlyCount "57"]
[EventDate "2003.10.31"]
[EventType "swiss"]
[EventRounds "5"]
[EventCountry "CAN"]
[Source "ChessBase"]
[SourceDate "2007.11.25"]

1. e4 c5 2. Nf3 d6 3. d4 cxd4 4. Nxd4 Nf6 5. Nc3 g6 6. Be3 Bg7 7. f3 O-O 8. Bc4
Nc6 9. Bb3 Bd7 10. Qd2 Rc8 11. O-O-O Ne5 12. Bh6 Rxc3 13. bxc3 Qa5 14. Bxg7
Kxg7 15. c4 Qc5 16. Kb1 a5 17. a4 Nxc4 18. Bxc4 Qxc4 19. Qd3 Rc8 20. Qxc4 Rxc4
21. Nb3 Bxa4 22. Rd4 Bxb3 23. Rxc4 Bxc4 24. Kb2 b5 25. Ra1 a4 26. Kc3 e5 27.
Re1 d5 28. Kb2 dxe4 29. Rxe4 0-1

[Event "Sherbrooke Perpetuelles 31-10"]
[Site "Sherbrooke CAN"]
[Date "2003.10.31"]
[Round "1"]
[White "Pilotte, Benoit"]
[Black "Lopez, Jose"]
[Result "1/2-1/2"]
[WhiteElo "1649"]
[BlackElo "1664"]
[PlyCount "83"]
[EventDate "2003.10.31"]
[EventType "swiss"]
[EventRounds "5"]
[EventCountry "CAN"]
[Source "ChessBase"]
[SourceDate "2007.11.25"]

1. Nf3 Nf6 2. g3 d5 3. Bg2 e6 4. O-O Be7 5. d4 c5 6. c4 cxd4 7. cxd5 exd5 8.
Nxd4 O-O 9. Nc3 Nc6 10. Nb3 Be6 11. Bg5 d4 12. Nb5 h6 13. Bf4 d3 14. exd3 Nd5
15. Bxd5 Bxd5 16. Nc7 Rc8 17. Nxd5 Qxd5 18. Rc1 Rcd8 19. Re1 Bf6 20. Re3 Bxb2
21. Rc5 Qd7 22. Qh5 Bf6 23. Bxh6 gxh6 24. Qxh6 Bg7 25. Rg5 f6 26. Rg6 b6 27. g4
Ne5 28. Rh3 Nxg6 29. Qxg6 Rfe8 30. Nd2 Qf7 31. Qh7+ Kf8 32. Nf3 Rxd3 33. Qxd3
Qxa2 34. Qd6+ Kg8 35. Nd4 Qb1+ 36. Kg2 Qe4+ 37. Rf3 Qe5 38. Qb4 Qd5 39. Nf5 Bf8
40. Qa4 Ra8 41. Qc2 Re8 42. Qa4 1/2-1/2

[Event "Sherbrooke Perpetuelles 31-10"]
[Site "Sherbrooke CAN"]
[Date "2003.10.31"]
[Round "1"]
[White "Viens, Nicolas"]
[Black "Lewis, Claude"]
[Result "1-0"]
[WhiteElo "1281"]
[BlackElo "1469"]
[PlyCount "101"]
[EventDate "2003.10.31"]
[EventType "swiss"]
[EventRounds "5"]
[EventCountry "CAN"]
[Source "ChessBase"]
[SourceDate "2007.11.25"]

1. e4 d6 2. Nc3 Nf6 3. d3 e5 4. Nf3 Be7 5. h3 c5 6. Nd5 Nxd5 7. exd5 Nd7 8. Be3
Nf6 9. c4 O-O 10. Qc2 b5 11. Be2 Bd7 12. O-O b4 13. Rfe1 a5 14. Ng5 Ne8 15. Qd2
Bxg5 16. Bxg5 f6 17. Be3 f5 18. f4 Qe7 19. fxe5 Qxe5 20. Bf3 f4 21. Bxc5 Qf6
22. Bf2 Qg6 23. Kh1 Qh6 24. Kg1 Nf6 25. Re7 Rae8 26. Rae1 Rxe7 27. Rxe7 Re8 28.
Qe2 Kf8 29. Rxe8+ Bxe8 30. Qe6 Nd7 31. Qf5+ Kg8 32. Bg4 Nf8 33. Qe4 Bd7 34.
Bxd7 Nxd7 35. Bb6 a4 36. Ba5 b3 37. axb3 axb3 38. Bb4 Qf6 39. d4 h6 40. Qe6+
Qxe6 41. dxe6 Nf6 42. Bxd6 g5 43. Be5 Ne4 44. d5 Nd2 45. c5 Nc4 46. Bd4 Kf8 47.
d6 Ke8 48. Kf2 Na5 49. Kf3 Nc6 50. Bf6 Kf8 51. d7 1-0

[Event "Sherbrooke Perpetuelles 31-10"]
[Site "Sherbrooke CAN"]
[Date "2003.11.07"]
[Round "2"]
[White "Belanger, Jean Sebastien"]
[Black "Grenier, Jean-Pierre"]
[Result "1-0"]
[WhiteElo "1425"]
[BlackElo "1619"]
[PlyCount "41"]
[EventDate "2003.10.31"]
[EventType "swiss"]
[EventRounds "5"]
[EventCountry "CAN"]
[Source "ChessBase"]
[SourceDate "2007.11.25"]

1. e4 c5 2. f4 Nc6 3. Nf3 Nf6 4. Nc3 e6 5. e5 Nd5 6. Nxd5 exd5 7. d4 c4 8. a4
Bb4+ 9. Bd2 Qa5 10. c3 Be7 11. b3 cxb3 12. Qxb3 O-O 13. Qc2 Qd8 14. Bd3 g6 15.
f5 Re8 16. fxg6 fxg6 17. Bxg6 hxg6 18. Qxg6+ Kh8 19. Ng5 Bxg5 20. Bxg5 Re6 21.
Qh5+ 1-0